| 000 -LEADER |
| fixed length control field |
01608cam a2200445 a 4500 |
| 001 - CONTROL NUMBER |
| control field |
1621246 |
| 003 - CONTROL NUMBER IDENTIFIER |
| control field |
OSt |
| 005 - DATE AND TIME OF LATEST TRANSACTION |
| control field |
20230517090730.0 |
| 008 - FIXED-LENGTH DATA ELEMENTS--GENERAL INFORMATION |
| fixed length control field |
190805s2018 nyuab c 000 1 eng d |
| 010 ## - LIBRARY OF CONGRESS CONTROL NUMBER |
| LC control number |
2007282539 |
| 020 ## - INTERNATIONAL STANDARD BOOK NUMBER |
| International Standard Book Number |
9780439023122 |
| Qualifying information |
(pbk.) : |
| 040 ## - CATALOGING SOURCE |
| Original cataloging agency |
KML |
| Language of cataloging |
eng |
| Transcribing agency |
KML |
| Description conventions |
aacr2 |
| Modifying agency |
KH8 |
| 041 1# - LANGUAGE CODE |
| Language code of text/sound track or separate title |
eng |
| Language code of original |
ita |
| 042 ## - AUTHENTICATION CODE |
| Authentication code |
nbic |
| 082 0# - DEWEY DECIMAL CLASSIFICATION NUMBER |
| Classification number |
FIC STI |
| 100 1# - MAIN ENTRY--PERSONAL NAME |
| Personal name |
Stilton, Geronimo. |
| Relator term |
Author |
| 240 03 - UNIFORM TITLE |
| Uniform title |
Il misterioso ladro di formaggi. |
| Language of a work |
English. |
| 245 14 - TITLE STATEMENT |
| Title |
The mysterious cheese thief / |
| Statement of responsibility, etc. |
Geronimo Stilton ; [illustrations by Silvia Bigolin, Mirella Monesi, Maria DeFilippio, and Valentina Grassini] |
| 260 ## - PUBLICATION, DISTRIBUTION, ETC. |
| Place of publication, distribution, etc. |
New York : |
| Name of publisher, distributor, etc. |
Scholastic, |
| Date of publication, distribution, etc. |
2018. |
| 300 ## - PHYSICAL DESCRIPTION |
| Extent |
111 p. : |
| Other physical details |
col. ill., col. maps ; |
| Dimensions |
20 cm. |
| 490 1# - SERIES STATEMENT |
| Series statement |
Geronimo Stilton ; |
| Volume/sequential designation |
31. |
| 500 ## - GENERAL NOTE |
| General note |
Lexile 540. |
| 500 ## - GENERAL NOTE |
| General note |
Translation of: Il misterioso ladro di formaggi. |
| 500 ## - GENERAL NOTE |
| General note |
Translated from the Italian. |
| 520 ## - SUMMARY, ETC. |
| Summary, etc. |
When Stilton cheese begins disappearing during Geronimo Stilton's trip to England he investigates to find the cheese thief. |
| 521 8# - TARGET AUDIENCE NOTE |
| Target audience note |
007-010. |
| 546 ## - LANGUAGE NOTE |
| Language note |
Translated from the Italian. |
| 650 #0 - SUBJECT ADDED ENTRY--TOPICAL TERM |
| Topical term or geographic name entry element |
Stilton, Geronimo (Fictitious character) |
| Form subdivision |
Juvenile fiction. |
| 650 #0 - SUBJECT ADDED ENTRY--TOPICAL TERM |
| Topical term or geographic name entry element |
Mice |
| Form subdivision |
Juvenile fiction. |
| 650 #0 - SUBJECT ADDED ENTRY--TOPICAL TERM |
| Topical term or geographic name entry element |
Cheese |
| Form subdivision |
Juvenile fiction. |
| 650 #0 - SUBJECT ADDED ENTRY--TOPICAL TERM |
| Topical term or geographic name entry element |
Stilton, Geronimo (Fictitious character) |
| Form subdivision |
Fiction. |
| 650 #0 - SUBJECT ADDED ENTRY--TOPICAL TERM |
| Topical term or geographic name entry element |
Mice |
| Form subdivision |
Fiction. |
| 650 #0 - SUBJECT ADDED ENTRY--TOPICAL TERM |
| Topical term or geographic name entry element |
Cheese |
| Form subdivision |
Fiction. |
| 700 1# - ADDED ENTRY--PERSONAL NAME |
| Personal name |
Bigolin, Silvia. |
| Relator term |
Illustrator |
| 700 1# - ADDED ENTRY--PERSONAL NAME |
| Personal name |
Monesi, Mirella. |
| 700 1# - ADDED ENTRY--PERSONAL NAME |
| Personal name |
DeFilippio, Maria. |
| 700 1# - ADDED ENTRY--PERSONAL NAME |
| Personal name |
Grassini, Valentina. |
| 830 #0 - SERIES ADDED ENTRY--UNIFORM TITLE |
| Uniform title |
Geronimo Stilton ; |
| Volume/sequential designation |
31. |
| 942 ## - ADDED ENTRY ELEMENTS (KOHA) |
| Source of classification or shelving scheme |
|
| Koha item type |
Books - Fiction |